| 000 | 00973cam a2200301 i 4500 | ||
|---|---|---|---|
| 001 | 2723998 | ||
| 003 | OSt | ||
| 005 | 20140310181630.0 | ||
| 008 | 770715s1977 maua j 001 0 eng | ||
| 010 | _a 77150537 | ||
| 020 | _a0669019968 | ||
| 040 |
_aDLC _cDLC _dDLC |
||
| 042 | _alcac | ||
| 043 | _an-us--- | ||
| 050 | 0 | 0 |
_aE 178.1 _b.B494 1971 |
| 082 | 0 | 0 |
_aHS 973 _bB474 1977 |
| 100 | 1 |
_aBidna, David B. _915084 |
|
| 245 | 1 | 0 |
_aWe the people : _ba history of the United States / _cDavid B. Bidna, Morris S. Greenberg, Jerold H. Spitz. |
| 260 |
_aLexington, Mass. : _bHeath, _cc1971. |
||
| 300 |
_axii, 627 p. : _bill. (some col.) ; _c27 cm. |
||
| 651 | 0 |
_aUnited States _xHistory _xJuvenile literature. _915085 |
|
| 651 | 1 |
_aUnited States _xHistory. _915086 |
|
| 700 | 1 |
_aGreenberg, Morris S., _ejoint author. _915087 |
|
| 700 | 1 |
_aSpitz, Jerold H., _ejoint author. _915088 |
|
| 906 |
_a7 _bcbc _corignew _d2 _encip _f19 _gy-gencatlg |
||
| 942 |
_2lcc _cHS |
||
| 999 |
_c484 _d484 |
||